000 00306nam a2200121 i 4500
001 bg
245 0 _aAnaliza dynamiki pola elektromagnetycznego w środowiskach przewodzących.
260 _aSzczecin,
_c1976.
040 _cBPK
041 _apol
942 _cKS
008 s pl f |000 0 pol
999 _c16966
_d16966
856 _uhttp://koha.tu.koszalin.pl/cgi-bin/koha/opac-detail.pl?biblionumber=16966
_yKatalog online BPK